Zemědělské stavby časopis pro výstavbu vesnice

Bibliographic Details
New Title:Výstavba socialistické vesnice
Format: Serial
Language:Czech
Published: Praha Státní zemědělské nakladatelství 1957-1961
Subjects:

MARC

LEADER 00000cas a2200000 a 4500
001 vtls010173062
003 SK-MaSNL
005 20260228160329.0
008 100928d19571961xr mr 000 00czesc
040 |a SVKPO  |b slo  |c SVKPO  |d SNK  |e AACR2 
041 0 |a cze 
044 |a xr  |c CZ 
072 7 |a 63  |x Poľnohospodárstvo a príbuzné oblasti vedy a techniky  |2 konspekt 
080 |a 631  |2 2011 
080 |a (051)-048.55  |2 2011 
080 |a 050  |2 2011 
245 0 0 |a Zemědělské stavby  |b časopis pro výstavbu vesnice 
246 3 3 |a Zemědělské stavby a zemědělské meliorace 
260 |a Praha  |b Státní zemědělské nakladatelství  |c 1957-1961 
310 |a 1x mesačne 
362 0 |a 1 (1957)-5 (1961) 
650 0 7 |a poľnohospodárstvo  |2 SNKPH  |9 679 
655 7 |a špecializované časopisy  |2 SNKPH  |9 70509 
770 0 |t Na pomoc zemědělské výrobě 
785 0 0 |t Výstavba socialistické vesnice 
910 |a snk 
999 |c 2173  |d 4103 
952 |0 0  |1 1  |4 0  |7 0  |a SNK  |b SNK  |d 1997-04-28  |l 0  |o snkČB 2407/5/1961  |p 17A0064350  |r 2005-01-02 00:00:00  |t č. 1-12  |w 2026-02-21  |y PREZ